| 000 | 01879nam a2200457Ii 4500 | ||
|---|---|---|---|
| 001 | DIGEUDE255 | ||
| 003 | NyNyDIG | ||
| 006 | m o d | ||
| 007 | cr ||||||||||| | ||
| 008 | 230708s2021 ag a ob 000 0 spa d | ||
| 035 | _a(OCoLC)1390761200 | ||
| 040 |
_aDGITA _beng _erda _epn _cDGITA |
||
| 020 |
_a9789502332123 _qedición digital (ePub) |
||
| 020 | _z9789502331973 | ||
| 043 |
_acl----- _an-us--- |
||
| 050 | 1 | 4 | _aAM330 ebook |
| 100 | 1 |
_aMatallana, Andrea, _eauthor. |
|
| 245 | 1 | 0 |
_aNelson Rockefeller y la diplomacia del arte en América Latina / _cAndrea Matallana. |
| 250 | _aPrimera edición. | ||
| 264 | 1 |
_aCiudad de Buenos Aires : _bEudeba, _c[2021] |
|
| 300 |
_a1 online resource : _billustrations. |
||
| 336 |
_atext _btxt _2rdacontent |
||
| 337 |
_acomputer _bc _2rdamedia |
||
| 338 |
_aonline resource _bcr _2rdacarrier |
||
| 347 |
_atext file _2rdaft |
||
| 347 | _bEPUB | ||
| 490 | 1 | _aTemas de historia | |
| 504 | _aIncludes bibliographical references. | ||
| 588 | 0 | _aOnline resource; title from ePub title page (Digitalia, viewed July 8, 2023) | |
| 600 | 1 | 0 |
_aRockefeller, Nelson A. _q(Nelson Aldrich), _d1908-1979. |
| 650 | 0 |
_aCollectors and collecting _xPolitical aspects _zLatin America _y20th century. |
|
| 650 | 0 |
_aMaterial culture _zLatin America _y20th century. |
|
| 650 | 0 |
_aUnited States _xCultural policy _y20th century. |
|
| 791 | 2 |
_aDigitalia (Firm), _edistributor. |
|
| 793 | 0 |
_gDigitalia eBook Collection: _aEudeba |
|
| 776 | 0 | 8 |
_iPrint version: _aMatallana, Andrea. _tNelson Rockefeller y la diplomacia del arte en América Latina. _bPrimera edición. _dCiudad de Buenos Aires : Eudeba, [2021] _z9789502331973 |
| 830 | 0 | _aTemas de historia (Editorial Universitaria de Buenos Aires) | |
| 856 | 4 | 0 |
_3Digitalia Hispánica _uhttps://www.digitaliapublishing.com/a/128438/ |
| 910 | _aPremium collection: 2023 | ||
| 942 | _cRAA | ||
| 999 |
_c279509 _d279509 |
||